| 000 | 00000cam 2200000zi 4500 |
| 001 | 9.951156 |
| 003 | CaOODSP |
| 005 | 20260206134441 |
| 006 | m o d f |
| 007 | cr cn||||||||| |
| 008 | 250515e20250617qucad o f000 0 fre d |
| 020 | |a9780660773254 |
| 040 | |aCaOODSP|bfre|erda|cCaOODSP |
| 043 | |an-cn--- |
| 086 | 1 |aEm20-148/2026F-PDF |
| 245 | 00|aRecherche sur l'expérience client des subventions et contributions (année 4). |
| 264 | 1|a[Gatineau, Québec] : |bEmploi et développement social Canada = Employment and Social Development Canada, |c17 juin 2025. |
| 264 | 4|c©2025 |
| 300 | |a1 ressource en ligne (304 pages) : |billustrations, graphiques + |eméthodologie détaillée (64 pages) |
| 336 | |atexte|btxt|2rdacontent/fre |
| 337 | |ainformatique|bc|2rdamedia/fre |
| 338 | |aressource en ligne|bcr|2rdacarrier/fre |
| 500 | |aTitre de la couverture. |
| 500 | |aEn tête du titre : Service Canada. |
| 500 | |a« ROP no. ROP 053-24. » |
| 500 | |a« Numéro de contrat : CW2378299. » |
| 500 | |aFournisseur : Ipsos. |
| 500 | |aPublié aussi en anglais sous le titre : Grants and contributions applicants client experience research (year 4). |
| 610 | 16|aCanada. |bService Canada|xService à la clientèle|xOpinion publique. |
| 650 | 6|aSubventions|zCanada. |
| 650 | 6|aOpinion publique|zCanada. |
| 710 | 1 |aCanada. |bEmploi et développement social Canada, |eorganisme de publication. |
| 710 | 2 |aIpsos (Firme), |eexpert-conseil. |
| 775 | 08|tGrants and contributions applicants client experience research (year 4).|w(CaOODSP)9.951155 |
| 795 | |tRecherche sur l'expérience client des subventions et contributions (année 3).|w(CaOODSP)9.926563 |
| 856 | 40|qPDF|s14.3 Mo|uhttps://publications.gc.ca/collections/collection_2026/edsc-esdc/Em20-148-2026-fra.pdf|zRapport |
| 856 | 40|qPDF|s1.55 Mo|uhttps://publications.gc.ca/collections/collection_2026/edsc-esdc/Em20-148-2026-1-fra.pdf|zMéthodologie détaillée |
| 856 | 4 |qHTML|sS.O.|uhttps://epe.bac-lac.gc.ca/100/200/301/pwgsc-tpsgc/por-ef/employment_social_development_canada/2025/053-24-f/053-24-rapport.html|zRapport |
| 856 | 4 |qHTML|sS.O.|uhttps://epe.bac-lac.gc.ca/100/200/301/pwgsc-tpsgc/por-ef/employment_social_development_canada/2025/053-24-f/rapport-methodologie/053-24-rapport-methodologie.html|zMéthodologie détaillée |
| 856 | 4 |qHTML|sS.O.|uhttps://epe.bac-lac.gc.ca/100/200/301/pwgsc-tpsgc/por-ef/employment_social_development_canada/2025/053-24-f/index.html|zEnsemble de données complet |